00717nam a2200241 a 4500001001300000003000900013005001700022008004100039020002300080082001500103100001900118245006600137260003200203300000900235500003500244505001800279650002100297700001900318902000800337942000700345952010800352999001500460nice12345678IN_TiNIC20260116013035.0050524s1974 newa grp 000 0 eng  a0061370 c10000a291.4bELI aEliade, Mircea aMan and the Sacredb Source Book of the History of Religions. aNew York bHarperone c1974 a173p aincludes index and biblioraphy2 abiblio, index aReligion-History1 aEliade, Mircea bSRS cBK 00104070aHMIbHMId2007-07-19g100.00l1o291.4 ELIp014879r2024-12-13s2024-12-10w2026-01-16yEB c9388d9388